Normal view
MARC view
Entry Personal Name
001 - CONTROL NUMBER
- control field: 8815
003 - CONTROL NUMBER IDENTIFIER
- control field: ARRUPE
005 - DATE AND TIME OF LATEST TRANSACTION
- control field: 20140220134345.0
008 - FIXED-LENGTH DATA ELEMENTS
- fixed length control field: 140220|| aca||aabn | a|a d
040 ## - CATALOGING SOURCE
- Original cataloging agency: ARRUPE
- Transcribing agency: ARRUPE
100 ## - HEADING--PERSONAL NAME
- Personal name: Baskerville, Geoffrey
670 ## - SOURCE DATA FOUND
- Source citation: Work cat.: (ARRUPE): Baskerville, Geoffrey, English Monks and the Suppression of the Monasteries, 1967